书目信息 |
| 题名: |
与思想政治工作者聊天
|
|
| 作者: | 黄学禄 著 | |
| 分册: | ||
| 出版信息: | 济南 黄河出版社 2006.07 |
|
| 页数: | 470页 | |
| 开本: | 20cm | |
| 丛书名: | ||
| 单 册: | ||
| 中图分类: | E221 | |
| 科图分类: | ||
| 主题词: | 军队政治工作--中国 | |
| 电子资源: | ||
| ISBN: | 978-7-80152-600-7 | |
| 000 | 00583nam0 2200217 45 | |
| 001 | 0953056828 | |
| 005 | 20091021144509.07 | |
| 010 | @a978-7-80152-600-7@dCNY35.00 | |
| 100 | @a20090515d2006 ekmy0 y0120 ea | |
| 102 | @aCN@b130000 | |
| 102 | @aCN@b370000 | |
| 105 | @ay z 000yy | |
| 200 | 1 | @a与思想政治工作者聊天@f黄学禄著@Fhuang xue lu zhu |
| 210 | @a济南@c黄河出版社@d2006.07 | |
| 215 | @a470页@d20cm | |
| 606 | 0 | @a军队政治工作@x中国 |
| 690 | @aE221@v4 | |
| 701 | 0 | @a黄学禄@Ahuang xue lu@4著 |
| 801 | 0 | @aCN@c20091021 |
| 905 | @a10447@dE221@eH900 | |
| 906 | @d35@n3@r1 | |
| 与思想政治工作者聊天/黄学禄著.-济南:黄河出版社,2006.07 |
| 470页;20cm |
| ISBN 978-7-80152-600-7:CNY35.00 |
| ● |
| 相关链接 |
|
|
|
正题名:与思想政治工作者聊天
索取号:E221/H900
 
预约/预借
| 序号 | 登录号 | 条形码 | 馆藏地/架位号 | 状态 | 备注 |
| 1 | 894552 | 208945524 | 社科库509/509社科库 117排1列6层/ [索取号:E221/H900] | 在馆 | |
| 2 | 894553 | 208945533 | 社科库509/509社科库 117排1列6层/ [索取号:E221/H900] | 在馆 | |
| 3 | 894554 | 208945542 | 社科库509/509社科库 117排1列6层/ [索取号:E221/H900] | 在馆 |